Voto y juramento de la Inmaculada Concepción en el Convento de San Jerónimo de la Ciudad de México (Record no. 6970)

MARC details
000 -CABECERA
campo de control de longitud fija 01055nam a2200241 a 4500
001 - NÚMERO DE CONTROL
campo de control BRCA_7293
005 - FECHA Y HORA DE LA ÚLTIMA TRANSACCIÓN
campo de control 20190320205801.0
008 - DATOS DE LONGITUD FIJA--INFORMACIÓN GENERAL
campo de control de longitud fija 030412s2011----mx-a######---#000-0#spa-#
020 ## - NÚMERO INTERNACIONAL ESTÁNDAR DEL LIBRO
Número Internacional Estándar del Libro 9686815333
041 ## - CÓDIGO DE LENGUA
Código de lengua del texto/banda sonora o título independiente spa
044 ## - CÓDIGO DEL PAÍS DE LA ENTIDAD EDITORA/PRODUCTORA
Código MARC del país mx
050 #4 - SIGNATURA TOPOGRÁFICA DE LA BIBLIOTECA DEL CONGRESO
Número de clasificación N8070
Número de documento/Ítem .V68 2011
245 10 - MENCIÓN DE TÍTULO
Título Voto y juramento de la Inmaculada Concepción en el Convento de San Jerónimo de la Ciudad de México
Resto del título siglos XVII al XIX
Mención de responsabilidad, etc. estudio preliminar Manuel Ramos Medina.
260 ## - PUBLICACIÓN, DISTRIBUCIÓN, ETC.
Lugar de publicación, distribución, etc. México
Nombre del editor, distribuidor, etc. Centro de Estudios de Historia de México Carso
Fecha de publicación, distribución, etc. 2011
300 ## - DESCRIPCIÓN FÍSICA
Extensión 55 p.
Otras características físicas il.
Dimensiones 31 cm.
500 ## - NOTA GENERAL
Nota general Incluye una crónica inédita de las fiestas en el Convento Jerónimo de 1855 con motivo de la profesión de fe por la purísima
500 ## - NOTA GENERAL
Nota general Facsímil de: la profesión de un quinto voto por la defensa de la purísima Concepción de 1686
504 ## - NOTA DE BIBLIOGRAFÍA, ETC.
Nota de bibliografía, etc. Bibliografía: p. 55
600 14 - PUNTO DE ACCESO ADICIONAL DE MATERIA--NOMBRE DE PERSONA
Nombre de persona Virgen de la Inmaculada Concepción
9 (RLIN) 18051
610 24 - PUNTO DE ACCESO ADICIONAL DE MATERIA--NOMBRE DE ENTIDAD CORPORATIVA
Nombre de entidad corporativa o nombre de jurisdicción como elemento de entrada Convento de San Jerónimo (Ciudad de México)
Subdivisión cronológica Siglo XVII-XIX
9 (RLIN) 18052
700 1# - PUNTO DE ACCESO ADICIONAL--NOMBRE DE PERSONA
Nombre de persona Ramos Medina, Manuel
9 (RLIN) 18053
942 ## - ELEMENTOS DE PUNTO DE ACCESO ADICIONAL (KOHA)
Fuente del sistema de clasificación o colocación Library of Congress Classification
Tipo de ítem Koha Libros
Holdings
Estado de retiro Estado de pérdida Estado dañado No para préstamo Localización permanente Ubicación/localización actual Fecha de adquisición Total de préstamos Signatura topográfica completa Código de barras Fecha visto por última vez Precio válido a partir de Tipo de ítem Koha
El ejemplar forma parte de la colección y puede ser consultado según las políticas vigentes.       Biblioteca del Museo Franz Mayer (Rogerio Casas-Alatriste) Biblioteca del Museo Franz Mayer (Rogerio Casas-Alatriste) 03/04/2012   N8070 .V68 2011 00657 22/03/2019 22/03/2019 Libros